00534cam a2200181ua 45000010005000000080039000050400009000440410008000530820013000611000030000742450069001042500012001732600033001853000010002186530044002286530049002726530031003219617160909n ii |||gr||||Z||||||asm cMAIN aasm a354.2794 aGogoi, Purandar,eAuthor. aBharatar gramonnayanar prashasaniya byobosthacby Purandar Gogoi a4th ed. aDibrugarh:bBanalata,c2016. a342p. aAdministration of economy & environment aAdministration of rural development in India aRural development in India